Srijinabhadragaṇikṣamāsramaṇaviracitaṃ Viśeṣāvaśyakabhāṣyam ; svopajñavr̥ttisahitam / (Record no. 82295)
[ view plain ]
| 000 -LEADER | |
|---|---|
| fixed length control field | 00926cam a2200241 a 4500 |
| 001 - CONTROL NUMBER | |
| control field | sa 68008185 |
| 003 - CONTROL NUMBER IDENTIFIER | |
| control field | DLC |
| 005 - DATE AND TIME OF LATEST TRANSACTION | |
| control field | 20260227112530.0 |
| 008 - FIXED-LENGTH DATA ELEMENTS--GENERAL INFORMATION | |
| fixed length control field | 980311m19661968ii 000 0 san |
| 010 ## - LIBRARY OF CONGRESS CONTROL NUMBER | |
| LC control number | sa 68008185 |
| 040 ## - CATALOGING SOURCE | |
| Original cataloging agency | DLC |
| Transcribing agency | DLC |
| Modifying agency | DLC |
| 050 00 - LIBRARY OF CONGRESS CALL NUMBER | |
| Classification number | BL1316.B444 |
| Item number | A9435 1966 |
| 100 0# - MAIN ENTRY--PERSONAL NAME | |
| Personal name | Jinabhadragaṇi. |
| 240 10 - UNIFORM TITLE | |
| Uniform title | Viśeṣāvaśyakabhāśya |
| 245 10 - TITLE STATEMENT | |
| Title | Srijinabhadragaṇikṣamāsramaṇaviracitaṃ Viśeṣāvaśyakabhāṣyam ; svopajñavr̥ttisahitam / |
| Statement of responsibility, etc. | sampādaka Dalasukha Mālavaṇiya. |
| 260 ## - PUBLICATION, DISTRIBUTION, ETC. | |
| Place of publication, distribution, etc. | Amadāvāda : |
| Name of publisher, distributor, etc. | Lālabhāi Dalapatabhāī Bhāratīya Saṃskr̥ti Vidym̄andira, |
| Date of publication, distribution, etc. | [1966-1968] |
| 300 ## - PHYSICAL DESCRIPTION | |
| Extent | 3 v. ; |
| Dimensions | 25 cm. |
| 440 #0 - SERIES STATEMENT/ADDED ENTRY--TITLE | |
| Title | Lālabhāi Dalapatabhāī granthamāla ; |
| Volume/sequential designation | 10, 14, 21 |
| 546 ## - LANGUAGE NOTE | |
| Language note | In Prakrit; commentary in Sanskrit; pref. in English. |
| 600 00 - SUBJECT ADDED ENTRY--PERSONAL NAME | |
| Personal name | Bhadrabanu. |
| Title of a work | Avabsyakaniryukti. |
| 650 #0 - SUBJECT ADDED ENTRY--TOPICAL TERM | |
| Topical term or geographic name entry element | Jainism |
| General subdivision | Early works to 1800. |
| 700 1# - ADDED ENTRY--PERSONAL NAME | |
| Personal name | Malvania, Dulsukh Bhai. |
No items available.